000 00309nam a22001217a 4500
008 181010b xxu||||| |||| 00| 0 eng d
041 _aeng
080 _a159.9
100 _a48
101 _aPSI
245 _aAssessment and Taxonomy of Child and Adolescent Psychopathology
_cAchenbach,Th.M
942 _2udc
_cBK
999 _c49271
_d49271